|
|
|
|
| LEADER |
00871nab a2200253 i 4500 |
| 001 |
publ36385 |
| 005 |
20250402084037.0 |
| 008 |
250402s2025 hu o 000 hun d |
| 022 |
|
|
|a 0039-8101
|
| 024 |
7 |
|
|a 10.55342/szemhungarica.2025.162.1.14
|2 doi
|
| 024 |
7 |
|
|a 36070552
|2 mtmt
|
| 040 |
|
|
|a SZTE Publicatio Repozitórium
|b hun
|
| 041 |
|
|
|a hun
|
| 100 |
1 |
|
|a Smeller Lilla
|
| 245 |
1 |
0 |
|a Sub-tenon triamcinolon-acetonid kezelés gyermekkori uveitises esetekben
|h [elektronikus dokumentum] /
|c Smeller Lilla
|
| 260 |
|
|
|c 2025
|
| 300 |
|
|
|a 14-19
|
| 490 |
0 |
|
|a SZEMÉSZET
|v 162 No. 1
|
| 650 |
|
4 |
|a Klinikai orvostan
|
| 700 |
0 |
1 |
|a Ördögh Dominika
|e aut
|
| 700 |
0 |
1 |
|a Sümegi Viktória
|e aut
|
| 700 |
0 |
2 |
|a Tóth-Molnár Edit
|e aut
|
| 700 |
0 |
2 |
|a Sohár Nicolette
|e aut
|
| 856 |
4 |
0 |
|u http://publicatio.bibl.u-szeged.hu/36385/1/Szemeszet_2025_Smeller-Lilla-small.pdf
|z Dokumentum-elérés
|